LEADER 01047nam a2200253 i 4500 001 000000153133 003 CaOOAMICUS 005 20060913000000.0 008 060913s2006 it u000 u ita u 013 $a130474 040 $aSeMil$bita 245 10$aTurchia, Cipro, Malta. 300 $a672 p., 47 c. di tav. :$bill. 490 0 $aLa Biblioteca di Repubblica 500 $aContiene : Atlante cartografico. 650 4$aTurchia - Guide turistiche.$0(OLS)http://semarc/subject/8849 650 4$aCipro - Guide turistiche.$0(OLS)http://semarc/subject/29886 650 4$aMalta - Guide turistiche.$0(OLS)http://semarc/subject/29887 773 0 $tEuropa e i paesi del Mediterraneo.$dMilano : Touring Club Italiano, copyr. 2006.$g12$w()16300 830 3$aLa Biblioteca di Repubblica.$0(OLS)http://semarc/title/18738 850 $aSeMil 852 $aSeMil$W1$xVenegono$y1$m4Y I 12$j105077$B105077$CSeMilBibl$Z2$F114311 $81 961 $aAcquisto: La Repubblica 996 $6245$aTurchia, Cipro, Malta$9(OLS)http://semarc/title/223976 LEADER 01076nam a2200265 i 4500 001 000000129273 003 CaOOAMICUS 005 20041108000000.0 008 041108s2003 it u000 u ita u 013 $a102006 020 $a88-86415-19-2 040 $aSeMil$bita 100 1 $aLeone, Salvino,$d<1954- >.$0(OLS)http://semarc/name/19970 245 10$aManuale di bioetica /$cSalvino Leone. 260 $aAcireale :$bIstituto Siciliano di Bioetica,$ccopyr. 2003. 300 $a367 p. :$bill. ;$c24 cm. 490 0 $aCollectio moralis ;$v7 650 4$aBioetica - Manuali.$0(OLS)http://semarc/subject/10947 830 0$aCollectio moralis ;$v7.$0(OLS)http://semarc/title/59785 850 $aSeMil 852 $aSeMil$W1$xVenegono$y1$m2E III 14$j83391$B83391$CSeMilBibl$Z2$F89106 $81 961 $aAcquisto: Istituto Siciliano di Bioetica 996 $6020$a88-86415-19-2$9(OLS)http://semarc/number/116010 996 $6245$aManuale di bioetica$9(OLS)http://semarc/title/2001 996 $6260$aAcireale :$bIstituto Siciliano di Bioetica$9(OLS)http://semarc/publisher/33152